| 000 | 00366nam a2200121Ia 4500 | ||
|---|---|---|---|
| 008 | 210430s9999 xx 000 0 und d | ||
| 082 | _a620.118 S2911C | ||
| 100 |
_aMel M. Schwartz _952095 |
||
| 245 |
_aComposite Materials Processing Fabrication and Applications _cMel M. Schwartz |
||
| 260 |
_aNew Jersey _bPrentice Hall _c1997 |
||
| 300 | _a572p | ||
| 942 |
_cBK _2ddc |
||
| 999 |
_c562766 _d562766 |
||